000 00591 a2200193 4500
001 61904
005 20260407155911.0
008 260407a1948 arg spa d
003 AR-UNSa-BCEJYS
040 _aAR-UNSa-BCEJYS
_bspa
_cAR-UNSa-BCEJYS
080 _a347.72
_xSociedades comerciales
245 1 0 _aLa nacionalidad de las sociedades mercantiles en la academia interamericana
264 1 _aBuenos Aires :
_bTipográfica Editora Argentina
_c1948
300 _a107 p.
_c22 cm.
041 _aspa
942 _cBK
590 _aniveau_biblio:m niveau_hierar:0
100 1 _aAztiria, Enrique
999 _c7473
_d7473